| 000 | 00403nam a22001457a 4500 | ||
|---|---|---|---|
| 999 |
_c193641 _d193641 |
||
| 008 | 221107b ||||| |||| 00| 0 eng d | ||
| 082 | _a572.863-SUN | ||
| 100 | _aMOHAN,SUNDARA RAJAN | ||
| 245 |
_aTHE CODE OF LIFE REVOLUTIONS _hENGLISH |
||
| 260 |
_aNEW DELHI _bA.I.C.B _cROHINI |
||
| 270 | _aA.I.C.B ,ROHINI NEW DELHI | ||
| 300 |
_a. _b. _c12X13 |
||
| 490 | _v1-5 | ||
| 942 |
_2ddc _cBRLEN _k572.863 _mSUN |
||